Manual de estilo de publicaciones
Gardado en:
| Autor Corporativo: | |
|---|---|
| Formato: | Libro |
| Idioma: | Lingua castelá |
| Publicado: |
Ciudad de México
El Manual Moderno
1998
|
| Subjects: | |
| Tags: |
Engadir etiqueta
Sen Etiquetas, Sexa o primeiro en etiquetar este rexistro!
|
MARC
| LEADER | 00000nam a2200000 a 4500 | ||
|---|---|---|---|
| 001 | UCN3678 | ||
| 003 | CL-VaPUC | ||
| 008 | 010706e19980000MX |||||||||||||||||spa|d | ||
| 082 | 0 | 4 | |a 808.06615 |b AME |2 21 |
| 110 | 2 | |a American Psychological Association |e author |9 460282 | |
| 245 | 1 | 0 | |a Manual de estilo de publicaciones |
| 300 | |a 415 p | ||
| 942 | |c BK | ||
| 945 | |d 20010706 00:00:00 |a cmena | ||
| 260 | |a Ciudad de México |b El Manual Moderno |c 1998 | ||
| 650 | 7 | |a PUBLICACIONES |2 CL-VaPUC |9 396094 | |
| 650 | 0 | |a Manuales |9 257144 | |
| 650 | 0 | |a Psicología |9 257863 | |
| 650 | 0 | |a Investigación científica |9 259857 | |
| 650 | 0 | |a Técnicas de redacción |9 460283 | |
| 583 | |a last modification |c 20130101 08:36:22 |k Rodrigo Vera | ||
| 999 | |c 296466 |d 296464 | ||
| 952 | |0 0 |1 0 |4 0 |6 808_066150000000000_AME_1998 |7 0 |8 X |9 350256 |a BIBEDU |b BIBEDU |d 2019-11-20 |i 3737373 |o 808.06615 AME 1998 |p 3737373 |r 2023-01-13 |w 2019-11-20 |y BK_X |k PSI | ||